000 00509nam a2200193Ia 4500
003 GCL
008 140319s9999 xx 000 0 eng d
040 _aGCL /
_cGCL
082 0 4 _a796.07
_bD P
100 1 _aDAVIS, BOB
245 1 0 _aPhysical Education and the Study of Sport 2en ed /
_cDAVIS, BOB
700 1 _aBED, ROSBULL
260 _a[S.N] :
_bMOSBY ،
_c1994
300 _a534 P
650 0 4 _aPHYSICAL EDUCATION
650 0 4 _aSPORTS
650 0 4 _aPHYSICAL EDUCATION AND TRANING
942 _2ddc
_cBK
999 _c16746
_d16746